000 00484cam a2200193 4500
001 D7443
008 090401t1983 xxu||||| |||| 00| 0 eng d
035 _a(Sirsi) u7419
041 _aeng
050 _a692.8
110 _aNational Joint Consultative Committee for Building
_9994
245 _aStandard Form of Tendering Questionnaire
250 _aPrivate
260 _aLondon
_bNJCC/RIBA/RICS
_c1983
300 _a8p. 30cm
350 _a0
942 _n0
948 _c04/03/1997
999 _c86413
_d86413